000 00660nam a2200193Ii 4500
003 JO-AjNU
008 230605s9999||||xx |||||||||||||| ||und||
040 _aJO-AjNU
_bara
_erda
_cJO-AjNU
041 _aara
050 1 4 _aPJ6101.I26 1900
100 3 _aتاليف بن سليمان،شمس الدين أحمد؛حققه أحمد حسن حامد,
_eauthor
_99379
245 0 0 _aأسرار النحو
264 3 1 _aعمان: دار الفكر،1900
300 _a351ص
336 _atext
_btxt
_2rdacontent
337 _aunmediated
_bn
_2rdamedia
338 _avolume
_bnc
_2rdacarrier
650 4 _aاللغة العربية-اللغة-اسرار النحو
_99380
999 _aA1269
_c4837
_d4837